Spanyolos évad a szabadtérin
Elmentve itt :
| Szerző: | |
|---|---|
| Dokumentumtípus: | Cikk |
| Megjelent: |
1992-01-20
|
| Sorozat: | Délmagyarország
82 No. 16 |
| Kulcsszavak: | Szabadtéri Játékok |
| Online Access: | http://dmarchiv.bibl.u-szeged.hu/123671 |
| LEADER | 00461nab a2200157 i 4500 | ||
|---|---|---|---|
| 001 | delm123671 | ||
| 005 | 20191007135921.0 | ||
| 008 | 191007s1992 hu o 0|| hun d | ||
| 040 | |a SZTE Délmagyarország Archívum |b hun | ||
| 041 | |a hun | ||
| 100 | 1 | |a Sulyok Erzsébet | |
| 245 | 1 | 0 | |a Spanyolos évad a szabadtérin |h [elektronikus dokumentum] / |c Sulyok Erzsébet |
| 260 | |c 1992-01-20 | ||
| 300 | |a 6 | ||
| 490 | 0 | |a Délmagyarország |v 82 No. 16 | |
| 695 | |a Szabadtéri Játékok | ||